Fleurs des montagnes - Statistiques

Statistiques générales
  • Ce quiz a été pris 51 fois
  • Le résultat moyen est 15 sur 96
Statistiques - réponses
Par images Réponse % Correct
{Coquelicot}
75%
{Pensée} éperonnée
75%
{Myosotis} des bois
54%
{Arnica} des montagnes
50%
{Bleuet} des montagnes
50%
{Campanule} à feuilles rondes
42%
{Pissenlit}
42%
{Trèfle} {des} {prés}
38%
{Trolle} d'Europe
38%
{Marguerite} blanche
33%
{Pulsatille} des Alpes
33%
{Épilobe} en {épi}
29%
{Lis} m{artagon}
29%
{Orchis} {vanille}
29%
{Rhododendron} ferrugineux
29%
{Cirse} très épineux
25%
{Linaire} {des} {Alpes}
25%
{Lin} purgatif
25%
{Renoncule} des bois
25%
{Silène} {acaule}
25%
{Géranium} des bois
21%
{Joubarbe} {aranéeuse}
21%
{Lamier} tacheté
21%
{Orchis} {de} {mai}
21%
{Oseille} {des} {Alpes}
21%
{Pétunia} à feuilles entières
21%
{Trèfle} {alpin}
21%
{Céraiste} des champs
17%
{Gentiane} {alpine}
17%
{Gentiane} {de} {Koch}
17%
{Sanguisorbe} officinale
17%
{Séneçon} blanchâtre
17%
{Silène} {enflé}
17%
{Soldanelle} des Alpes
17%
{Trèfle} {bai}
17%
{Trèfle} {blanc}
17%
{Caraline}
13%
{Crépide} dorée
13%
{Doronic} à grandes fleurs
13%
{Joubarbe} {des} {montagnes}
13%
{Linaigrette} {arctique}
13%
{Lobélie}
13%
{Luzerne} lupuline
13%
{Raiponce} de {Micheli}
13%
{Renouée} vivipare
13%
{Rhinante} {crête-de-coq}
13%
{Saxifrage} à feuilles {opposées}
13%
{Saxifrage} {des} {rochers}
13%
{Thym} {de} {bergère}
13%
{Tussilage} pas-d'âne
13%
{Adénostyle} à feuilles d'alliaire
8%
{Alchémille} à lobes aigus
8%
{Arbre} {aux} {papillons}
8%
{Bartsie} alpine
8%
{Benoîte} {rampante}
8%
{Cardamine} à feuilles de réséda
8%
{Cornette}
8%
{Épervière}
8%
{Gentiane} à feuilles {courtes}
8%
{Gentiane} {champêtre}
8%
{Gesse} des prés
8%
Grand {boucage}
8%
{Linaigrette} à feuilles {larges}
8%
{Liondent} de Suisse
8%
{Orchis} {globuleux}
8%
{Orpin} des Alpes
8%
{Potentille} dorée
8%
{Primevère} à {larges} feuilles
8%
{Saxifrage} {d'Auvergne}
8%
{Sisymbre} d'Autriche
8%
{Stellaire} {graminée}
8%
{Véronique} à feuilles de {serpolet}
8%
{Véronique} {des} {rochers}
8%
{Androsace} à feuilles obtuses
4%
{Arabette} alpine
4%
{Calament} des Alpes
4%
{Carvi} {commun}
4%
{Casse}-{lunette}
4%
{Gaillet} {nain}
4%
{Gentianelle} {à} {calice} {renflé}
4%
{Gentiane} {ponctuée}
4%
{Grande} {berce}
4%
{Homogyne} des Alpes
4%
{Impératoire}
4%
{Laser} {de} {Haller}
4%
{Luzule} jaune
4%
{Oseille} {ronde}
4%
{Plantain} {maritime}
4%
{Polygale} commun
4%
{Porcelle} à une tête
4%
{Primevère} {farineuse}
4%
{Raiponce} à feuilles de {globulaire}
4%
{Saxifrage} à feuilles {rondes}
4%
{Silène} {des} {rochers}
4%
{Tormentille}
4%
{Épilobe} {des} {Alpes}
0%
Aucun quiz correspondant
Distribution des résultats
% des personnes avec chaque résultat
Percentile par nombre de réponses
Votre historique - résultats
Vous n’avez pas pris ce quiz